Normal view
MARC view
- Chesnokov, Mitrofan Mitrofanovich, [from old catalog]
Entry Personal Name
001 - CONTROL NUMBER
- control field: 42071
003 - CONTROL NUMBER IDENTIFIER
- control field: NUST
005 - DATE AND TIME OF LATEST TRANSACTION
- control field: 20210314132214.0
008 - FIXED-LENGTH DATA ELEMENTS
- fixed length control field: 210314|| aca||aabn | a|a d
040 ## - CATALOGING SOURCE
- Original cataloging agency: NUST
- Transcribing agency: NUST
100 ## - HEADING--PERSONAL NAME
- Personal name: Chesnokov, Mitrofan Mitrofanovich, [from old catalog]
670 ## - SOURCE DATA FOUND
- Source citation: Work cat.: (NUST): Melʹnikov, Nikolaĭ Vasilʹevich. [from old catalog] 42069, Safety in opencast mining, 1969.
